00570nam a22001697a 450000500170000001000150001702000260003203500140005803700130007208200100008510000200009524500900011526000410020527001040024630000310035050000190038120190711174433.0 aENG-125883 a9789353433031c659.00 aEN-109415 bDBAD/PUB a512.5 aKolman, Bernard aElementary linear algebra with applications /cby Bernard Kolman [and] David R.Hill aNoidabPearson India Educationc2019 a15th Floor, Tower-B World Trade Tower, Plot No. 1 Block- C, Sector-16bNoida, Uttar Pradeshe201301 avarious paging.c23cm(pbk) aIncludes index